<?xml version="1.0" encoding="UTF-8"?>
<record
    xmlns:xsi="http://www.w3.org/2001/XMLSchema-instance"
    xsi:schemaLocation="http://www.loc.gov/MARC21/slim http://www.loc.gov/standards/marcxml/schema/MARC21slim.xsd"
    xmlns="http://www.loc.gov/MARC21/slim">

  <leader>00175nam a2200085   4500</leader>
  <controlfield tag="001">1236508</controlfield>
  <controlfield tag="005">20251002110320.0</controlfield>
  <datafield tag="245" ind1=" " ind2=" ">
    <subfield code="a">mart&#x131;n eden</subfield>
    <subfield code="c">jack london</subfield>
  </datafield>
  <datafield tag="260" ind1=" " ind2=" ">
    <subfield code="b">akvaryum</subfield>
  </datafield>
  <datafield tag="999" ind1=" " ind2=" ">
    <subfield code="c">1236508</subfield>
    <subfield code="d">1236508</subfield>
  </datafield>
</record>
